Antarjatik arthabigyan (Record no. 11323)

MARC details
000 -LEADER
fixed length control field 00574nam a22002177a 4500
005 - DATE AND TIME OF LATEST TRANSACTION
control field 20260515114923.0
008 - FIXED-LENGTH DATA ELEMENTS--GENERAL INFORMATION
fixed length control field 220621b ||||| |||| 00| 0 eng d
020 ## - INTERNATIONAL STANDARD BOOK NUMBER
International Standard Book Number 9789391883317
040 ## - CATALOGING SOURCE
Original cataloging agency IN-DiNC
Transcribing agency IN-DiNC
041 ## - LANGUAGE CODE
Language code of sung or spoken text asm
082 ## - DEWEY DECIMAL CLASSIFICATION NUMBER
Classification number 337
100 ## - MAIN ENTRY--PERSONAL NAME
Personal name Ahmed Rofique
Relator term author
245 ## - TITLE STATEMENT
Title Antarjatik arthabigyan
Statement of responsibility, etc. by Rofique Ahmed, others
250 ## - EDITION STATEMENT
Edition statement 1st ed.
260 ## - PUBLICATION, DISTRIBUTION, ETC.
Place of publication, distribution, etc. Jorhat
Name of publisher, distributor, etc. Unika Prakashan
Date of publication, distribution, etc. 2022
300 ## - PHYSICAL DESCRIPTION
Extent 250p.
650 ## - SUBJECT ADDED ENTRY--TOPICAL TERM
Topical term or geographic name entry element International Economics
700 ## - ADDED ENTRY--PERSONAL NAME
Personal name Debojit Saikia
Relator term author
700 ## - ADDED ENTRY--PERSONAL NAME
Personal name Alena Begum
Relator term author
942 ## - ADDED ENTRY ELEMENTS (KOHA)
Source of classification or shelving scheme Dewey Decimal Classification
Koha item type Books
Holdings
Withdrawn status Lost status Source of classification or shelving scheme Damaged status Not for loan Collection Home library Current library Shelving location Date acquired Cost, normal purchase price Total checkouts Full call number Barcode Date last seen Date last checked out Copy number Price effective from Koha item type
    Dewey Decimal Classification       Naharkatiya College Library Naharkatiya College Library General stacks 06/21/2022 260.00 21 337 29015 03/17/2025 03/17/2025 1 06/21/2022 Books
    Dewey Decimal Classification       Naharkatiya College Library Naharkatiya College Library General stacks 06/21/2022 260.00 17 337 29016 12/18/2025 12/10/2025 2 06/21/2022 Books
    Dewey Decimal Classification       Naharkatiya College Library Naharkatiya College Library General stacks 06/21/2022 260.00 10 337 29017 04/29/2026 12/11/2025 3 06/21/2022 Books